কোম্পানী আমলে ঢাকা / (Record no. 39006)
[ view plain ]
| 000 -LEADER | |
|---|---|
| fixed length control field | 01208nam a2200241 a 4500 |
| 001 - CONTROL NUMBER | |
| control field | 39006 |
| 003 - CONTROL NUMBER IDENTIFIER | |
| rucl marc code | BD-RjUL |
| 005 - DATE AND TIME OF LATEST TRANSACTION | |
| control field | 20211209052910.0 |
| 008 - FIXED-LENGTH DATA ELEMENTS--GENERAL INFORMATION | |
| fixed length control field | 160331s1978 bg a|||| |||| 001 0 ben d |
| 035 ## - SYSTEM CONTROL NUMBER | |
| System control number | (BD-RjUL)39117 |
| 040 ## - CATALOGING SOURCE | |
| Original cataloging agency | BD-RjUL |
| Language of cataloging | ben |
| Transcribing agency | BD-RjUL |
| Modifying agency | BD-RjUL |
| 041 ## - LANGUAGE CODE | |
| Language code of text/sound track or separate title | ben |
| 082 ## - DEWEY DECIMAL CLASSIFICATION NUMBER | |
| Edition number | 23 |
| Classification number | 315.4922 |
| Author mark and year | TAK 1978 |
| 100 ## - MAIN ENTRY--PERSONAL NAME | |
| Personal name | টেলর, জেমস |
| 9 (RLIN) | 120421 |
| 245 10 - TITLE STATEMENT | |
| Title | কোম্পানী আমলে ঢাকা / |
| Statement of responsibility, etc. | জেমস টেলর ; মোহাম্মদ আসাদুজ্জামান অনুুদিত |
| 260 ## - PUBLICATION, DISTRIBUTION, ETC. (IMPRINT) | |
| Place of publication, distribution, etc. | ঢাকা : |
| Name of publisher, distributor, etc. | বাংলা একাডেমী, |
| Date of publication, distribution, etc. | ১৯৭৮ |
| 300 ## - PHYSICAL DESCRIPTION | |
| Pagination | ১৮, ৩৭৪ পৃ. : |
| Illustrations | চিত্র ; |
| Size | ২২ সেমি |
| 500 ## - GENERAL NOTE | |
| General note | নির্ঘন্ট সংযুক্ত । ইষ্ট ইন্ডিয়া কোম্পানী সরকারের আদেশক্রমে মুদ্রিত । |
| 650 ## - SUBJECT ADDED ENTRY--TOPICAL TERM | |
| Topical term or geographic name as entry element | ঢাকা (বাংলাদেশ) |
| General subdivision | পরিসংখ্যান |
| 9 (RLIN) | 120422 |
| Topical term or geographic name as entry element | Dhaka (Bangladesh) |
| General subdivision | Statistics |
| 9 (RLIN) | 120423 |
| 700 ## - ADDED ENTRY--PERSONAL NAME | |
| Personal name | আসাদুজ্জামান, মোহাম্মদ, অনুবাদক |
| 942 ## - ADDED ENTRY ELEMENTS (KOHA) | |
| Source of classification or shelving scheme | Dewey Decimal Classification |
| Koha item type | Books |
| Lost status | Source of classification or shelving scheme | Damaged status | Not for loan | Collection code | Permanent Location | Current Location | Shelving location | Date acquired | Source of acquisition | Cost, normal purchase price | Total Checkouts | Full call number | Date last seen | Date checked out | Copy number | Koha item type |
|---|---|---|---|---|---|---|---|---|---|---|---|---|---|---|---|---|
| Dewey Decimal Classification | Non-fiction | Central Library, University of Rajshahi | Central Library, University of Rajshahi | 20/07/1983 | আলীগড় লাইব্রেরী, রাজশাহী | 30.00 | 2 | B 315.4922 TAK 1978 | 29/06/2016 | 09/06/2016 | C-2 | Books | ||||
| Dewey Decimal Classification | Not For Loan | Non-fiction | Central Library, University of Rajshahi | Central Library, University of Rajshahi | Reading Room | 20/07/1983 | আলীগড় লাইব্রেরী, রাজশাহী | 30.00 | B 315.4922 TAK 1978 | 31/03/2016 | C-1 | Books | ||||
| Dewey Decimal Classification | Non-fiction | Central Library, University of Rajshahi | Central Library, University of Rajshahi | 20/07/1983 | আলীগড় লাইব্রেরী, রাজশাহী | 30.00 | B 315.4922 TAK 1978 | 31/03/2016 | C-3 | Books | ||||||
| Dewey Decimal Classification | Non-fiction | Central Library, University of Rajshahi | Central Library, University of Rajshahi | 20/07/1983 | আলীগড় লাইব্রেরী, রাজশাহী | 30.00 | B 315.4922 TAK 1978 | 31/03/2016 | C-4 | Books | ||||||
| Dewey Decimal Classification | Non-fiction | Central Library, University of Rajshahi | Central Library, University of Rajshahi | 30/06/1981 | আলীগড় লাইব্রেরী, রাজশাহী | 30.00 | B 315.4922 TAK 1978 | 07/03/2017 | C-5 | Books |